| 000 | 00403nam a2200133Ia 4500 | ||
|---|---|---|---|
| 008 | 231129s1978||||xx |||||||||||||| ||spa|| | ||
| 040 | _bspa | ||
| 082 | _a918.87 G633o | ||
| 100 | _aGomez Picon Rafael | ||
| 245 | 0 | _aOrinoco rio de libertad : Biografia aspectos geograficos historicos socioeconomicos / Rafael Gomez Picon. | |
| 260 | _c1978 | ||
| 264 | _aBanco de la Republica | ||
| 942 |
_2ddc _cBKS |
||
| 999 |
_c22203 _d22203 |
||